00535cam a2200193 a 45000010009000000050017000090080041000260100017000670200027000840400018001110410008001290430012001370800019001490820023001681000007001911010008001982450075002065040060002811241847420171215051828.0010523s2002 nyua b 001 0 eng  a 2001038066 a0321011627 (softcover) aDLCcDLCdDLC aeng an-us--- a305.800973 SKE00a305.800973 SKE221 a21 aGJU00aLiterature, race, and ethnicity :c[edited by] Joseph T. Skerrett, Jr. aIncludes bibliographical references (p. 529) and index.